Регионална библиотека "Любен Каравелов" - Русе

Златна книга на дарителите в Народна република България (Запис номер 60888)

MARC детайли
000 -Лидер
Контролно поле с фиксирана дължина 01353nam a2200373 c 4500
003 - Код на организацията, давaща контролен номер
Контролно поле BLK
005 - Дата и час на последна редакция
Контролно поле 20240312092212.0
008 - Елементи от данни с фиксирана дължина
fixed length control field 180408b bul|||||r ||||||| ||bul||
010 ## - Наследен системен номер
LC control number KNG00065076000
040 ## - Източник на каталожния запис
Идентификатор на билиотеката - собственик на записа BLK
041 ## - Код за език
Код за езика на текст/звукозапис или на отделно заглавие Български
Код за езика КДБФ Български
080 ## - УДК
Текстов определител УДК Юбилеи. Паметни книги. Дарителство
УДК код - определител по УДК 061.75
УДК определител (497.2)
УДК - код + определител 061.75(497.2)
139 ## - Редно поле
Редна дума Златна книга на дарителите в Народна република България
Авторски знак Злати - З 73
245 10 - Сведения за заглавието
Заглавие Златна книга на дарителите в Народна република България
Подзаглавни данни Т. 1 -
Редно поле (дума) ред. Аксиния Джурова.
Том Т. 1
257 ## - Страна на издаване
Страна на създаване/издаване България
260 ## - Област на издателските данни
Име на издателя, разпространителя и проч. Д-р Петър Берон
Година на издаване 1989 -
300 ## - Физическа характеристика
Размери/Мащаб 31 см
380 ## - Жанр
Жанр Общ отдел
650 #4 - Допълнително описание по предмет – тема
Основно описание – тема или топоним Дарители, български
9 (RLIN) 247868
650 #4 - Допълнително описание по предмет – тема
Основно описание – тема или топоним Дарителство - България
9 (RLIN) 264670
653 ## - Ключова дума – ненормативна
Ключова дума дарители
653 ## - Ключова дума – ненормативна
Ключова дума дарителство
653 ## - Ключова дума – ненормативна
Ключова дума България
700 1# - Други автори (авторска отговорност)
Лично име Джурова, Аксиния Добрева
9 (RLIN) 61250
760 1# - Описание на основната серия
Място на издаване, издател и година 1989
Страници - том 340 с. с ил., портр., факс.
Заглавие Т. 1
852 ## - Местоположение
Форматна сигнатура Цб ІІ 7313
852 ## - Местоположение
Форматна сигнатура К 0/З-73
856 4# - Електронен адрес и достъп
Електронен формат pdf - файл
856 4# - Електронен адрес и достъп
Електронен формат pdf - файл
999 ## - СИСТЕМНИ КОНТРОЛНИ НОМЕРА
Koha biblionumber 60888
Koha biblioitemnumber 60888
942 ## - АРТИКУЛИ
Вид на библиотечния материал Книги
Скрит в OPAC Не
Периодичен библиозапис Да
944 ## - СЪЗДАВАНЕ И РЕДАКЦИЯ на ЗАПИСА
Създаване/Редакция Създаване
Дата на регистрацията/редакция 13.06.2004
Служител, извършил регистрацията/редакцията 30560
Статус, дата на статуса Геновева Генчева
944 ## - СЪЗДАВАНЕ И РЕДАКЦИЯ на ЗАПИСА
Създаване/Редакция Редакция
Дата на регистрацията/редакция 31.10.2006
999 ## - СИСТЕМНИ КОНТРОЛНИ НОМЕРА
Koha biblioitemnumber 60888
Наличности
Код за отписване Код за изгубен артикул Източник на класификационната схема Код за повреда Коз за рестрикции Код за отдаване Артикулен № Име на библиотеката - собственик Име на библиотеката, в която се намира в момента Статус (Текущо местоположение) Дата на вписване в системата Местоположение - отдел Цена в лева Инвентарен номер Систематично азбучна сигнатура Баркод Номер на екземпляра Цена в евро Служебна бележка Служебен тип на артикула
  Не е изгубен Universal Decimal Classification Не е повреден без рестрикции ползва се в читалня 100357 Регионална библиотека "Любен Каравелов" Русе Регионална библиотека "Любен Каравелов" Русе Читалня - справочен фонд 1993-01-01 Читалня 8.44 522324 СЧ 06/З 73 120000522324 1 4.32 Дата инв: 21.03.2017 Бележки инв: СЧ2017 Книги
  Не е изгубен Universal Decimal Classification Не е повреден без рестрикции заемане за дома 100358 Регионална библиотека "Любен Каравелов" Русе Регионална библиотека "Любен Каравелов" Русе Заемна - подръчен фонд 2006-10-30 Заемна - подръчен фонд 8.44 120000706274 П 06/З 73 120000706274 2 4.32 Дост: DA Вид: А N: 17 Дата: 30.10.2006 Дата инв: 01.02.2018 Бележки инв: П2018 Книги
  Не е изгубен Universal Decimal Classification Не е повреден само за читалня ползва се в читалня 100359 Регионална библиотека "Любен Каравелов" Русе Регионална библиотека "Любен Каравелов" Русе Хранилище 2001-01-01 Хранилище 8.44 518416 Цб ІІ 7313 120000518416 3 4.32 Дост: Dp Вид: Д N: стар фонд Дата: 01.01.2001 Книги
  Не е изгубен Universal Decimal Classification Не е повреден без рестрикции заемане за дома 100360 Регионална библиотека "Любен Каравелов" Русе Регионална библиотека "Любен Каравелов" Русе Заемна - подръчен фонд 2001-01-01 Заемна - подръчен фонд 8.44 522322 П 06/З 73 120000522322 4 4.32 Дост: Pk Вид: Ф N: стар фонд Дата: 01.01.2001 Дата инв: 15.02.2018 Бележки инв: СП2018 Книги
  Не е изгубен Universal Decimal Classification Не е повреден само за читалня ползва се в читалня 100361 Регионална библиотека "Любен Каравелов" Русе Регионална библиотека "Любен Каравелов" Русе Изкуство - справочен фонд 2001-01-01 Изкуство - справочен фонд 8.44 522325 СИ 0/З 73 120000522325 5 4.32 Дост: Pk Вид: Ф N: стар фонд Дата: 01.01.2001 Дата инв: 15.06.2017 Бележки инв: СИ2017 Книги
  Не е изгубен Universal Decimal Classification Не е повреден само за читалня ползва се в читалня 100362 Регионална библиотека "Любен Каравелов" Русе Регионална библиотека "Любен Каравелов" Русе СБИД 2001-01-01 СБИД 8.44 522323 С 06/З 73 120000522323 6 4.32 Дост: Pk Вид: Ф N: стар фонд Дата: 01.01.2001 Дата инв: 08.06.2017 Бележки инв: С2017 Книги
  Не е изгубен Universal Decimal Classification Не е повреден без рестрикции ползва се в читалня 100363 Регионална библиотека "Любен Каравелов" Русе Регионална библиотека "Любен Каравелов" Русе Краезнание 2001-01-01 Краезнание 8.44 519767 К 0/З-73 120000519767 7 4.32 Дост: Pk Вид: Ф N: стар фонд Дата: 01.01.2001 Дата инв: 08.11.2017 Бележки инв: СК2017 Книги
Изтеглен Не е изгубен Universal Decimal Classification Не е повреден без рестрикции ползва се в читалня 100364 Регионална библиотека "Любен Каравелов" Русе Регионална библиотека "Любен Каравелов" Русе Детски отдел 2001-01-01 Детски отдел - справочен фонд 8.44 522326 СД 0/З 73 522326 8 4.32 Дост: Pk Вид: Ф N: стар фонд Дата: 01.01.2001 Дата инв: 20.11.2017 Бележки инв: СД2017 Книги
Vip Innovations Ltd, Rousse, Bulgaria 2025